000 00459nam a2200181Ia 4500
003 GCL
008 140319s9999 xx 000 0 eng d
040 _aGCL /
_cGCL
082 0 4 _a709.5
_bC H
100 1 _aCHATELD, ALBERT
245 1 0 _aHISTOIRE DE L,ART ASIATIQUE /
_cCHATELD, ALBERT
260 _a[S.N] :
_bPEFERENAS LAROUSE ،
_c1993
300 _a232P
650 0 4 _aHISTORY OF ART
650 0 4 _aASIAN ART
650 0 4 _aART BISTONY
942 _2ddc
_cBK
999 _c10959
_d10959